[Event "Stay Safe Play From Home 317"]
[Site "Emanuel Lasker Arena"]
[Date "2020.07.20"]
[Round "3"]
[White "Little champs"]
[Black "NTBT_DHS"]
[Result "0-1"]
[WhiteElo "2339"]
[BlackElo "2508"]
[Annotator "TA"]
[PlyCount "136"]
[EventDate "2020.07.20"]
[EventType "swiss (blitz)"]

{[%evp 13,135,37,43,31,31,8,16,16,11,15,47,10,144,137,137,137,127,72,160,-23,-14,-13,-13,-13,-6,-9,0,0,0,-20,0,0,0,0,0,0,0,-22,-10,-43,0,0,0,0,0,2,7,0,13,0,8,6,141,2,2,-49,-49,-49,-50,-56,-27,-44,-16,-16,0,0,0,0,0,0,0,0,0,-578,-520,-584,-482,-780,-780,-1331,-1075,-908,-908,-4134,-4068,-5447,-5449,-4133,-4746,-5609,-5065,-5093,-2399,-5808,-7266,-29975,-29975,-29986,-29987,-29987,-29988,-29988,-29989,-29989,-29990,-29990,-29991,-29991,-29992,-29992,-29993,-29993,-29994,-29994,-29994,-29994,-29995,-29995,-29996,-29996,-29997,-29998,-29999,-29999]} 1. d4 g6 2. e3 Bg7 3. Nf3 Nf6 4. Be2 O-O 5. O-O d5 6. c4 c6 7. Nc3 a6 8. cxd5 {D94: Grünfeld: 4 Nf3 Bg7 5 e3.} cxd5 9. a3 Nc6 10. b4 {The position is equal.} Bf5 11. Bb2 {[#]} b5 $146 ({Predecessor:} 11... Ne4 12. Nxe4 Bxe4 13. Rc1 Rc8 14. Bd3 Bxf3 15. Qxf3 e6 16. Qe2 Qd6 17. g3 {½-½ (17) Kausylaite,G-Balogh,E (1362) Mlada Boleslav 2007}) 12. Rc1 e6 (12... Qd6 $11) 13. Nxb5 $1 $16 Nxb4 14. axb4 {Black must now prevent Nc7.} axb5 {[#]} 15. Bxb5 (15. Ne5 $142 $1) 15... Qb6 {[#]} (15... Bg4 $142) 16. Bd3 $2 (16. Bc6 $1 $16) 16... Bxd3 17. Qxd3 Qxb4 18. Bc3 Qb3 19. Rb1 Qc4 20. Qxc4 dxc4 21. Ne5 Ne4 22. Rfc1 Bxe5 23. dxe5 Rfc8 24. f3 Nc5 25. Bd4 Nb3 26. Rc3 Nxd4 27. exd4 $15 {[%mdl 4096] Endgame KRR-KRR} Ra2 28. Rbc1 Ra4 29. Kf2 Kf8 30. Ke3 Ke7 31. Ke4 Rc6 32. d5 Rc5 (32... exd5+ $1 $11 {remains equal.} 33. Kxd5 {[%mdl 64] Double Attack} Rc8) 33. dxe6 (33. d6+ $16 Kd7 34. Rb1) 33... Kxe6 $11 34. R1c2 (34. f4 $11) 34... Rxe5+ $15 35. Kd4 Rd5+ 36. Ke4 f5+ 37. Ke3 Rc5 38. Kd4 $1 {[%cal Rd4c5]} Rc6 (38... Kd6 {looks sharper.} 39. Rxc4 Rcxc4+ 40. Rxc4 Ra2 41. g4 Rxh2 42. Ke3 fxg4 43. fxg4 h6) 39. Rxc4 {Re2+ is the strong threat.} Rcxc4+ 40. Rxc4 $11 {KR-KR} Ra2 41. Rc6+ Kf7 42. Rc7+ Kf6 43. Rc6+ $2 {[%mdl 8192] Black continues to play with concentration.} (43. Rxh7 $11 {and White has nothing to worry.} Rxg2 44. Ke3) 43... Kg5 $19 44. Rc7 h6 45. h3 (45. g3 $142 Rxh2 46. Rc1) 45... Rxg2 46. Ke3 Kh4 47. Rh7 h5 48. Kf4 Kxh3 49. Rh6 Kh4 50. Rh7 Ra2 51. Rh6 Ra4+ 52. Ke5 Ra5+ 53. Kf6 g5 54. Kg7 Ra7+ {Black mates.} 55. Kg6 Ra6+ 56. Kg7 Rxh6 57. Kxh6 {KP-KP} g4 58. fxg4 hxg4 59. Kg6 f4 60. Kf6 f3 61. Kf5 f2 62. Kf4 f1=Q+ 63. Ke5 Qf3 64. Ke6 g3 65. Ke7 g2 66. Kd7 g1=Q 67. Kd8 Qg7 {[%cal Rf3f8]} 68. Kc8 Qff8# {Accuracy: White = 54%, Black = 77%.} 0-1

[Event "Stay Safe Play From Home 317"]
[Site "Emanuel Lasker Arena"]
[Date "2020.07.20"]
[Round "3"]
[White "N_KRISHNA TEJA"]
[Black "NeatFox"]
[Result "1-0"]
[WhiteElo "2239"]
[BlackElo "1795"]
[Annotator "TA"]
[PlyCount "75"]
[EventDate "2020.07.20"]
[EventType "swiss (blitz)"]

{[%evp 9,75,2,7,7,88,77,86,74,130,141,164,139,147,118,154,145,133,39,92,31,101,82,99,102,91,67,194,192,179,139,233,157,321,314,438,321,321,316,372,368,363,381,558,566,597,583,571,567,525,525,1618,1305,1266,1198,1902,1883,664,475,29987,29986,29987,29987,29989,29989,29991,29992,29992,29993]} 1. Nf3 c6 2. g3 d5 3. Bg2 g6 4. O-O Bg7 5. c4 Nf6 6. cxd5 {A11: English Opening: 1...c6.} O-O {[#]} (6... cxd5 $11 {keeps the balance.} 7. Nc3 O-O) 7. dxc6 $1 $16 Nxc6 8. Nc3 {White is better.} e6 (8... e5 $142) 9. d4 {[#]} Bd7 $146 ({Predecessor:} 9... Qa5 10. Bg5 h6 11. Bd2 Qb6 12. e3 Qxb2 13. Rb1 Qa3 14. Rb3 Qa6 15. Qb1 {1-0 (15) Raines,D (1082)-Sanchez,G (1703) LSS email 2012}) 10. e3 Rc8 11. Bd2 Nd5 12. Rc1 Nxc3 13. bxc3 (13. Bxc3 $16 Ne7 14. e4) 13... Na5 (13... e5 $14) 14. Rb1 (14. Re1 $16) 14... Nc4 (14... Bc6 $14) 15. Rxb7 Bc6 16. Rb4 ({Reject} 16. Rxa7 $6 Qb6 $11) 16... Bd5 17. Re1 Rb8 (17... a5 $14 18. Rb1 Nd6) 18. e4 $18 Rxb4 19. cxb4 {[%cal Bc3b4,Bb4b5,Bb5c6][%mdl 32]} Bc6 (19... Nxd2 $16 {might work better.} 20. Qxd2 Bb7) 20. Bc3 Bb5 $2 {Now Black is done in.} (20... Qd7 $16 {keeps fighting.} 21. Qe2 Nb6) 21. a4 Ba6 22. b5 Bb7 23. Qb3 Nd6 24. Bb4 Re8 25. Ne5 f6 (25... a5 $142 26. Bc5 Qc7) 26. Nc6 Bxc6 27. bxc6 Qc7 28. Bxd6 Qxd6 {[#]} 29. e5 $1 Qc7 (29... fxe5 30. d5) 30. exf6 Bxf6 31. Rxe6 {White wants to mate with Re7+.} Rxe6 32. Qxe6+ {[%mdl 64] Double Attack} Kg7 33. d5 {d6 is the strong threat.} Qb8 (33... Be5 $18 34. Bh3 Qd6) 34. d6 {White mates.} Qb1+ 35. Bf1 Bd4 36. Qe7+ Kh6 37. Qh4+ {[%mdl 64] Double Attack} Kg7 38. Qxd4+ {[%mdl 64] Double Attack. Accuracy: White = 76%, Black = 29%.} 1-0

[Event "Stay Safe Play From Home 317"]
[Site "Emanuel Lasker Arena"]
[Date "2020.07.20"]
[Round "3"]
[White "SoulofWolf"]
[Black "TheCHESSHOUSE"]
[Result "1-0"]
[WhiteElo "2156"]
[BlackElo "2079"]
[Annotator "TA"]
[PlyCount "79"]
[EventDate "2020.07.20"]
[EventType "swiss (blitz)"]

{[%evp 20,79,20,-2,0,-5,43,22,39,21,47,9,78,-23,161,-75,23,22,30,22,41,0,250,-49,0,0,236,81,445,433,400,191,192,192,570,549,757,491,636,625,580,423,407,90,483,489,484,481,514,514,564,555,558,539,575,575,29975,29976,6215,568,523,500]} 1. e4 c5 2. Nc3 d6 3. g3 Nf6 4. Bg2 g6 5. h3 Bg7 6. Nge2 Nc6 7. O-O O-O 8. d4 cxd4 9. Nxd4 a6 10. Be3 Bd7 11. Nb3 Rc8 {B91: Sicilian Najdorf: 6 g3.} 12. a4 {[#]} Nb4 $146 ({Predecessor:} 12... Na5 13. Nxa5 Qxa5 14. Bd4 Bc6 15. Re1 Rfd8 16. Nd5 Bxd5 17. exd5 Re8 18. c3 Nd7 19. Bxg7 Kxg7 {1-0 (71) Brcar,A (1922)-Ravnik,F (1921) Ljubljana 2010}) 13. Qd2 e5 {The position is equal.} 14. Rac1 Rc6 15. Rfd1 Ne8 (15... Qc7 $11 {remains equal.}) 16. f4 (16. Ne2 $16 a5 17. Nc5) 16... Be6 $2 {[#]} (16... Qc8 $11) 17. g4 $2 ({Better is} 17. Nd5 $1 $18 a5 18. c3 (18. Nxb4 axb4 19. f5 gxf5 $16)) 17... Bxb3 ({Black should play} 17... exf4 $17 18. Bd4 (18. Bxf4 Nxc2 19. Nd5 Bxd5 $17) 18... Bxb3 19. cxb3 Bxd4+ 20. Qxd4 Qa5) 18. cxb3 $11 exf4 $1 19. Bxf4 Qb6+ 20. Kh2 Qa5 $2 {[#]} (20... Be5 $11) 21. Bg5 $2 (21. Nd5 $18) 21... Qe5+ $2 {[%mdl 8192]} (21... Nd3 $15 {stays ahead.} 22. Rc2 Nxb2) 22. Bf4 $18 Qa5 {White stays focused until the end.} 23. Kh1 $2 (23. Nd5 $18 {is the precise move to win.}) 23... b5 $2 {[%mdl 8192]} (23... Qb6 $16 {is more resistant.}) 24. axb5 axb5 25. Bg5 (25. Nd5 $142 Rxc1 26. Rxc1) 25... Qb6 26. Be7 {Strongly threatening e5.} Na6 $2 (26... Rc7) 27. e5 Bxe5 28. Bxf8 Kxf8 29. Nd5 Qb7 {Now ...Rxc1 and Black clings on.} 30. Ne3 Nb8 31. Qd5 $2 (31. Rxc6 $18 {has better winning chances.} Nxc6 32. Rc1) 31... Qe7 $2 {[%mdl 8192]} (31... Qa7 $16 {is a better chance.}) 32. Rxc6 Nxc6 33. Qxc6 Qh4 34. Qf3 Kg7 35. Nd5 Nf6 36. Nxf6 Bxf6 37. Rf1 Be5 38. Qxf7+ Kh6 39. g5+ Qxg5 {intending ...Qg3.} 40. Qf3 {Accuracy: White = 29%, Black = 28%.} 1-0

[Event "Stay Safe Play From Home 317"]
[Site "Emanuel Lasker Arena"]
[Date "2020.07.20"]
[Round "3"]
[White "Bardellosport"]
[Black "Haris kollari 13"]
[Result "1-0"]
[WhiteElo "2075"]
[BlackElo "1715"]
[Annotator "NA RC"]
[PlyCount "75"]
[EventDate "2020.07.20"]
[EventType "swiss (blitz)"]

1. d4 {[%emt 0:00:01]} e6 {[%emt 0:00:00]} 2. e3 {[%emt 0:00:00]} d5 {[%emt 0:00:01]} 3. f4 {[%emt 0:00:00]} c5 {[%emt 0:00:01]} 4. Nf3 {[%emt 0:00:00]} f5 {[%emt 0:00:01]} 5. c3 {[%emt 0:00:00]} Nc6 {[%emt 0:00:01]} 6. Ne5 {[%emt 0:00:00]} Bd7 {[%emt 0:00:01]} 7. Bd3 {[%emt 0:00:01]} Nf6 {[%emt 0:00:01]} 8. O-O {[%emt 0:00:01]} c4 {[%emt 0:00:01]} 9. Bc2 {[%emt 0:00:01]} Bd6 {[%emt 0:00:01]} 10. Qe2 {[%emt 0:00:01]} O-O {[%emt 0:00:01]} 11. Nd2 {[%emt 0:00:00]} b5 {[%emt 0:00:01]} 12. g4 {[%emt 0:00:02]} Bxe5 {[%emt 0:00:03]} 13. fxe5 {[%emt 0:00:01]} Nxg4 {[%emt 0:00:01]} 14. Nf3 {[%emt 0:00:01]} h6 {[%emt 0:00:03]} 15. Qg2 {[%emt 0:00:01]} h5 {[%emt 0:00:03]} 16. h3 {[%emt 0:00:01]} Nh6 {[%emt 0:00:01]} 17. e4 {[%emt 0:00:01]} dxe4 {[%emt 0:00:03]} 18. Nh2 {[%emt 0:00:01]} Kh7 {[%emt 0:00:01]} 19. Bxh6 {[%emt 0:00:01]} Kxh6 {[%emt 0:00:01]} 20. Kh1 {[%emt 0:00:00]} g5 {[%emt 0:00:02]} 21. Qe2 {[%emt 0:00:02]} Rg8 {[%emt 0:00:01]} 22. b3 {[%emt 0:00:01]} cxb3 {[%emt 0:00:02]} 23. Bxb3 {[%emt 0:00:01]} Na5 {[%emt 0:00:02]} 24. Rab1 {[%emt 0:00:02]} Nxb3 {[%emt 0:00:02]} 25. axb3 {[%emt 0:00:00]} a6 {[%emt 0:00:01]} 26. Rfc1 {[%emt 0:00:01]} Rc8 {[%emt 0:00:01]} 27. c4 {[%emt 0:00:01]} bxc4 {[%emt 0:00:02]} 28. bxc4 {[%emt 0:00:00]} Qc7 {[%emt 0:00:02]} 29. c5 {[%emt 0:00:02]} g4 {[%emt 0:00:02]} 30. h4 {[%emt 0:00:03]} Qc6 {[%emt 0:00:02]} 31. Qg2 {[%emt 0:00:01]} Qa4 {[%emt 0:00:02]} 32. Rb6 {[%emt 0:00:02]} Qxd4 {[%emt 0:00:02]} 33. Rd6 {[%emt 0:00:03]} Qe3 {[%emt 0:00:04]} 34. Rcd1 {[%emt 0:00:01]} Bc6 {[%emt 0:00:05]} 35. Rxe6+ {[%emt 0:00:02]} Kh7 {[%emt 0:00:00]} 36. Rdd6 {[%emt 0:00:00]} Bb5 {[%emt 0:00:02]} 37. Rh6+ {[%emt 0:00:02]} Kg7 {[%emt 0:00:01]} 38. Rhg6+ {[%emt 0:00:01] Time (Lag: Av=0.34s, max=0.4s)} 1-0

[Event "Stay Safe Play From Home 317"]
[Site "Emanuel Lasker Arena"]
[Date "2020.07.20"]
[Round "3"]
[White "Haxhi Baha"]
[Black "Mepe_Nika"]
[Result "1/2-1/2"]
[WhiteElo "2046"]
[BlackElo "2383"]
[Annotator "TA"]
[PlyCount "88"]
[EventDate "2020.07.20"]
[EventType "swiss (blitz)"]

{[%evp 12,88,16,12,16,0,27,19,31,18,20,-18,0,0,94,101,111,0,223,223,206,215,310,300,332,293,391,354,577,561,675,587,591,591,583,545,771,756,765,749,937,936,1074,911,1146,1061,1180,1180,1180,1038,1450,1459,1604,1508,1829,1663,2246,1343,1202,-1428,5602,5210,29991,973,29992,0,0,0,380,0,925,860,831,0,531,0,671,0,526]} 1. e4 c6 2. Nf3 d5 3. Nc3 Bg4 4. h3 Bxf3 5. Qxf3 e6 6. d3 Nd7 7. Bd2 Qb6 {B11: Caro-Kann: Two Knights Variation.} 8. O-O-O d4 9. Ne2 a5 {[#]} 10. Qg3 $146 ({Predecessor:} 10. e5 Nxe5 11. Qe4 Ng6 12. Qxd4 Bc5 13. Qc3 Nf6 14. d4 Bb4 15. Qd3 Bxd2+ 16. Qxd2 {½-½ (39) Baltic,F (2238)-Gustafsson,J (2645) Germany 2019}) 10... a4 11. a3 Ngf6 12. f4 Nc5 (12... Ra6 $11) 13. Qf2 $16 Rd8 14. g4 ({White should try} 14. Qe1 $1 $16) 14... Ncxe4 $2 (14... Qb3 $1 $11 15. Nc3 (15. cxb3 $2 {perishes.} Nxd3+ {[%mdl 64] Double Attack} 16. Kb1 Nxf2 $19) (15. Nxd4 $2 Qa2 $19) 15... Qb6) 15. dxe4 $18 Nxe4 16. Qf3 Nc5 (16... Nxd2 $142 17. Rxd2 Be7) 17. Ng3 {[%cal Be2g3,Bg3e4,Be4c5][%mdl 32]} d3 18. Bxd3 (18. cxd3 Nb3+ 19. Kb1 Bxa3 $11) 18... Rxd3 19. cxd3 Qb3 $2 (19... Nb3+ {was worth a try.} 20. Kb1 Bxa3) 20. Bc3 Be7 21. Ne4 O-O 22. Nxc5 Bxc5 23. d4 Bxa3 24. bxa3 Qxa3+ 25. Kc2 Rd8 26. Rb1 b5 27. Rb4 c5 28. Ra1 cxb4 29. Rxa3 bxa3 30. Bb4 Rc8+ 31. Kb1 h5 32. gxh5 Rc4 33. Bxa3 b4 34. Qg3 Rc3 35. Bb2 $4 {[%mdl 8192]} (35. Qg4 $18) 35... Rb3 $4 {[%mdl 8192] [#]} (35... Rxg3 $19 36. h4 a3) 36. Qg5 $1 {h6 would kill now.} a3 37. Ka1 ({Worse is} 37. Qd8+ Kh7 $11) (37. h6 $142 Rg3 38. Qxg3 Kf8 39. hxg7+ Kg8 40. Qg5 b3 41. Bxa3 f6 42. Qxf6 Kh7 43. Qf7 e5 44. g8=Q+ Kh6 45. Qh8#) 37... Rxb2 {[%mdl 4096] Endgame KQ-KR} 38. Qd8+ $2 ({Not} 38. Qe7 b3 $11) (38. h6 {mates} Rg2 39. Qxg2 Kf8 40. h7 Ke7 41. h8=Q b3 42. Qb7+ {[%mdl 64] Double Attack} Kf6 43. Qh4+ Kg6 44. Qg2+ Kf5 45. Qhg5#) 38... Kh7 $11 39. h6 {And now Qf8! would win.} Rg2 $2 {[%mdl 8192] [#]} (39... b3 $11 {and Black has nothing to worry.} 40. hxg7 Ra2+ 41. Kb1 Rb2+ 42. Kc1 Rc2+ 43. Kd1 Kxg7) 40. hxg7 $2 (40. Qa8 $1 $18 {[%cal Ra8g2]} Rb2 {[#]} 41. Qf8 $1 {[%mdl 576] Double Attack} Kxh6 42. Qxf7) 40... Rxg7 $2 {[%mdl 8192]} (40... Kxg7 $11 41. Qa8 Rb2) 41. Qh4+ $18 Kg8 42. Qd8+ Kh7 {intending ...Rg1+.} 43. Qh4+ $2 (43. Qa8 $18) 43... Kg6 $2 {[%mdl 8192]} (43... Kg8 $11) 44. Qd8 Kh7 $1 {[%mdl 32768] Accuracy: White = 65%, Black = 44%. . An unexpected result.} 1/2-1/2

[Event "Stay Safe Play From Home 317"]
[Site "Emanuel Lasker Arena"]
[Date "2020.07.20"]
[Round "3"]
[White "Buzaglo"]
[Black "Trotsky"]
[Result "1-0"]
[WhiteElo "1889"]
[BlackElo "1613"]
[Annotator "NA RC"]
[PlyCount "56"]
[EventDate "2020.07.20"]
[EventType "swiss (blitz)"]

1. d4 {[%emt 0:00:01]} d5 {[%emt 0:00:01]} 2. Nf3 {[%emt 0:00:00]} e6 {[%emt 0:00:01]} 3. g3 {[%emt 0:00:00]} c5 {[%emt 0:00:01]} 4. Bg2 {[%emt 0:00:00]} Nc6 {[%emt 0:00:01]} 5. dxc5 {[%emt 0:00:01]} Bxc5 {[%emt 0:00:01]} 6. O-O {[%emt 0:00:00]} Qc7 {[%emt 0:00:01]} 7. c4 {[%emt 0:00:00]} d4 {[%emt 0:00:03]} 8. a3 {[%emt 0:00:05]} Bd7 {[%emt 0:00:01]} 9. b4 {[%emt 0:00:01]} Bd6 {[%emt 0:00:01]} 10. Nxd4 {[%emt 0:00:01]} O-O-O {[%emt 0:00:06]} 11. Nxc6 {[%emt 0:00:01]} Bxc6 {[%emt 0:00:04]} 12. Qb3 {[%emt 0:00:05]} h5 {[%emt 0:00:03]} 13. b5 {[%emt 0:00:03]} Bxg2 {[%emt 0:00:02]} 14. Kxg2 {[%emt 0:00:02]} Nf6 {[%emt 0:00:03]} 15. Bg5 {[%emt 0:00:03]} Ng4 {[%emt 0:00:02]} 16. h3 {[%emt 0:00:03]} f6 {[%emt 0:00:04]} 17. Bd2 {[%emt 0:00:04]} h4 {[%emt 0:00:01]} 18. hxg4 {[%emt 0:00:01]} hxg3 {[%emt 0:00:01]} 19. fxg3 {[%emt 0:00:02]} Rh2+ {[%emt 0:00:03]} 20. Kxh2 {[%emt 0:00:02]} Bxg3+ {[%emt 0:00:02]} 21. Kg2 {[%emt 0:00:01]} Rh8 {[%emt 0:00:01]} 22. Qxg3 {[%emt 0:00:03]} Qxg3+ {[%emt 0:00:03]} 23. Kxg3 {[%emt 0:00:00]} g6 {[%emt 0:00:03]} 24. Nc3 {[%emt 0:00:02]} f5 {[%emt 0:00:01]} 25. Rh1 {[%emt 0:00:02]} Rd8 {[%emt 0:00:02]} 26. Be3 {[%emt 0:00:02]} e5 {[%emt 0:00:03]} 27. Nd5 {[%emt 0:00:02]} f4+ {[%emt 0:00:01]} 28. Bxf4 {[%emt 0:00:00]} e4 {[%emt 0:00:01] Trotsky Ñäàåòñÿ (Lag: Av=0.38s, max=0.5s)} 1-0

[Event "Stay Safe Play From Home 317"]
[Site "Emanuel Lasker Arena"]
[Date "2020.07.20"]
[Round "3"]
[White "Declan 1234"]
[Black "Edmatuag"]
[Result "0-1"]
[WhiteElo "1261"]
[BlackElo "1668"]
[Annotator "NA RC"]
[PlyCount "50"]
[EventDate "2020.07.20"]
[EventType "swiss (blitz)"]

1. e4 {[%emt 0:00:01]} d6 {[%emt 0:00:01]} 2. Nf3 {[%emt 0:00:01]} e5 {[%emt 0:00:00]} 3. d4 {[%emt 0:00:01]} Bg4 {[%emt 0:00:01]} 4. Be3 {[%emt 0:00:05]} Nd7 {[%emt 0:00:02]} 5. Be2 {[%emt 0:00:01]} Ngf6 {[%emt 0:00:01]} 6. O-O {[%emt 0:00:01]} Be7 {[%emt 0:00:01]} 7. c3 {[%emt 0:00:03]} Bxf3 {[%emt 0:00:01]} 8. Bxf3 {[%emt 0:00:02]} O-O {[%emt 0:00:00]} 9. Nd2 {[%emt 0:00:03]} h6 {[%emt 0:00:00]} 10. Qb3 {[%emt 0:00:04]} b6 {[%emt 0:00:04]} 11. d5 {[%emt 0:00:01]} Nh7 {[%emt 0:00:01]} 12. Be2 {[%emt 0:00:02]} f6 {[%emt 0:00:05]} 13. Bb5 {[%emt 0:00:02]} Kh8 {[%emt 0:00:02]} 14. Bc6 {[%emt 0:00:01]} Rb8 {[%emt 0:00:02]} 15. f4 {[%emt 0:00:08]} Nc5 {[%emt 0:00:01]} 16. Qc2 {[%emt 0:00:03]} Rg8 {[%emt 0:00:08]} 17. b4 {[%emt 0:00:01]} Nd7 {[%emt 0:00:04]} 18. Qa4 {[%emt 0:00:05]} exf4 {[%emt 0:00:02]} 19. Bxf4 {[%emt 0:00:03]} Ne5 {[%emt 0:00:01]} 20. Bxe5 {[%emt 0:00:02]} fxe5 {[%emt 0:00:02]} 21. Qxa7 {[%emt 0:00:02]} Bg5 {[%emt 0:00:03]} 22. a4 {[%emt 0:00:02]} Bxd2 {[%emt 0:00:02]} 23. Rf3 {[%emt 0:00:02]} Bf4 {[%emt 0:00:02]} 24. g3 {[%emt 0:00:02]} Ng5 {[%emt 0:00:01]} 25. Rf2 {[%emt 0:00:03]} Be3 {[%emt 0:00:01] Zeit (Lag: Av=0.89s, max=1.2s)} 0-1

[Event "Stay Safe Play From Home 317"]
[Site "Emanuel Lasker Arena"]
[Date "2020.07.20"]
[Round "4"]
[White "NTBT_DHS"]
[Black "Tran Minh Thang"]
[Result "0-1"]
[WhiteElo "2517"]
[BlackElo "2505"]
[Annotator "TA"]
[PlyCount "60"]
[EventDate "2020.07.20"]
[EventType "swiss (blitz)"]

{[%evp 11,60,18,8,11,25,24,26,7,15,6,47,33,27,2,10,2,56,0,0,0,0,0,0,-16,-3,0,-5,-160,-159,-158,-163,-487,-499,-867,-821,-1484,-913,-1833,-1825,-2214,-1204,-2128,-2125,-29978,-6170,-2191,-1331,-29986,-29987,-29985,-2348]} 1. d4 d5 2. c4 c6 3. Nf3 Nf6 4. cxd5 cxd5 5. Nc3 Nc6 6. Bf4 Nh5 7. Bd2 {D13: Slav Defence: Exchange variation without ...Bf5.} Nf6 8. e3 e6 9. a3 {White has an edge.} Bd6 10. Bd3 a6 11. O-O O-O 12. Rc1 Bd7 13. b4 {[#]} Qe7 $5 $146 {[%mdl 8] New and interesting.} (13... Qb8 $11) ({Predecessor:} 13... b5 14. Qe2 Qe7 15. Rc2 Rfc8 16. Rfc1 e5 17. dxe5 Nxe5 18. Nxe5 Qxe5 19. f4 Qe7 20. h3 g6 {1-0 (42) Kwiek,J (1617)-Felicetti,F (1621) Warsaw 2014}) 14. Na4 (14. e4 $14 Nxe4 15. Nxe4 dxe4 16. Bxe4) 14... e5 $11 15. dxe5 Nxe5 16. Nxe5 Qxe5 {[%csl Gd6][%cal Re5h2]} 17. f4 Qe7 18. Nb6 Rad8 19. Qf3 $2 ({White should play} 19. Kh1 $11) 19... Bc6 $1 $17 20. Qh3 Bc7 21. Bc3 $2 (21. b5 {is a better chance.} axb5 22. Bb4) 21... Bxb6 $19 22. Rf3 (22. Be5 $142) 22... d4 23. Bb2 Bxf3 24. Re1 Bg4 25. Qh4 h6 26. h3 dxe3 27. Bb1 e2+ 28. Kh2 Bc8 {...Ng4+! is the strong threat.} 29. Qg3 Nh5 30. Qf3 {[#]} Qe3 {Accuracy: White = 44%, Black = 75%.} (30... Rd1 $142 $1 31. Rxd1 e1=Q 32. Bd4 {[#]} Bxd4 $1 {[%mdl 576] Overworked Piece} 33. Rxd4 Qxb1 34. Rd1 Qg6 35. Rd4 Qh4 $1 {[%mdl 512]} 36. Kh1 Bxh3 $1 {[%mdl 512]} 37. Qxh3 Qxh3+ 38. gxh3 Re8 39. Rd8 Rxd8 40. h4 Rd1+ 41. Kh2 Qg3#) 0-1